Apoyos didácticos para la aplicación del programa integrado : primer grado de educación primaria. Proyecto Estratégido 03 "Capacitación y desarrollo del magisterio en servicio".

محفوظ في:
التفاصيل البيبلوغرافية
مؤلف مشترك: México. Secretaría de Educación Pública. Subsecretaría de Planeación Educativa. Dirección General de Capacitación y Mejoramiento Profesional del Magisterio
التنسيق: كتاب
اللغة:الإسبانية
سلاسل:(Ciencia en el aula)
الموضوعات:
الوسوم: إضافة وسم
لا توجد وسوم, كن أول من يضع وسما على هذه التسجيلة!

MARC

LEADER 00000nam^a2200000^u^4500
001 000510000
005 20250521000000.0
008 091125s1000^^^^^^^^^^^^r^^^^^000^0^spa^d
009 20260310130115.619
035 |a FCE 000054209 
037 |a Acervo ITESO - Biblioteca 
041 |a spa 
082 0 |a 371.146  |b M4 no. 1 
110 |a México. Secretaría de Educación Pública. Subsecretaría de Planeación Educativa. Dirección General de Capacitación y Mejoramiento Profesional del Magisterio 
245 1 0 |a Apoyos didácticos para la aplicación del programa integrado :  |b primer grado de educación primaria. Proyecto Estratégido 03 "Capacitación y desarrollo del magisterio en servicio". 
264 |a México :  |b SEP, Subsecretaría de Planeación Educativa, Dirección General de Capacitación y Mejoramiento Profesional del Magisterio.  |c 1985. 
300 |a 64 p. 
336 |a texto  |b txt  |2 rdacontenido 
337 |a sin mediación  |b n  |2 rdamedio 
338 |a volumen  |b nc  |2 rdasoporte 
440 1 |a (Ciencia en el aula) 
649 |a XX 
650 |a Programa de educación 
650 |a Guía del docente 
650 |a Educación integral 
650 |a Actividades de aprendizaje 
650 |a Niños 
650 |a Sugerencias orientadoras 
650 |a Educación primaria 
650 |a Materiales didácticos 
650 |a Planes de la clase 
650 |a México 
910 |a Fondo Centro de Estudios Educativos 
920 |a Impresos - Libros 
930 |a Fondos Especiales 
905 |a 133 
901 |a ALE067570  |b IT2  |c CEE  |u 20250521 
902 |a https://opac.biblio.iteso.mx/vufind/Record/000510000